000 00622nam a2200181Ia 4500
008 151202s9999||||xx |||||||||||||| ||und||
082 _bPNVM-45234
100 _aदेशपांडे ना.व्यं.
245 _aसरकार ते सरकार.
260 _b"मौज प्रकाशन,मुंबई."
260 _c1992
300 _a224
600 _aदेशपांडे ना.व्यं.
630 _aसरकार ते सरकार.
700 _aदेशपांडे ना.व्यं.
730 _aसरकार ते सरकार.
942 _cBOOK
999 _c1311185
_d1311182